000
00314nam a2200133Ia 4500
005
20251222155138.0
008
251222s9999||||xx |||||||||||||| ||spa||
082
_a
ETI.42
100
_a
CARREÑO.
245
0
_a
Manual de urbanidad y buenas maneras
250
_a
1ra. ed.
264
_b
Panamericana
942
_c
LIB
999
_c
39095
_d
39095